El catolicismo liberal en Francia / (Record no. 168980)

MARC details
000 -LEADER
campo de control de longitud fija 00966nam a2200265 i 4500
001 - NÚMERO DE CONTROL
campo de control 168980
003 - IDENTIFICADOR DE NÚMERO DE CONTROL
campo de control ES-MaACL
005 - FECHA Y HORA DE LA ÚLTIMA TRANSACCIÓN
campo de control 20250830111649.0
008 - DATOS DE LONGITUD FIJA--INFORMACIÓN GENERAL
campo de control de longitud fija 080710s1952 sp f |||| | spa d
080 ## - NÚMERO DE LA CLASIFICACIÓN DECIMAL UNIVERSAL
Número de la Clasificación Decimal Universal 321:282(44)
080 ## - NÚMERO DE LA CLASIFICACIÓN DECIMAL UNIVERSAL
Número de la Clasificación Decimal Universal 304:282(44)
100 1# - ENTRADA PRINCIPAL--NOMBRE DE PERSONA
Nombre de persona Roger Riviere, Juan.
9 (RLIN) 98939
245 13 - MENCIÓN DEL TÍTULO
Título El catolicismo liberal en Francia /
Mención de responsabilidad, etc. Juan Roger Riviere.
260 ## - PUBLICACIÓN, DISTRIBUCIÓN, ETC.
Lugar de publicación, distribución, etc. Madrid :
Nombre del editor, distribuidor, etc. Ateneo,
Fecha de publicación, distribución, etc. 1952.
300 ## - DESCRIPCIÓN FÍSICA
Extensión 60 p. :
Otras características físicas 1 lám. ;
Dimensiones 19 cm.
490 1# - MENCIÓN DE SERIE
Mención de serie Colección "O crece o muere" ;
Designación de volumen o secuencia 32
500 ## - NOTA GENERAL
Nota general El original corresponde al ciclo del Ateneo de Madrid sobre "El catolicismo en la cultura europea de hoy" (enero 1951-1952)
610 24 - PUNTO DE ACCESO ADICIONAL DE MATERIA--NOMBRE DE ENTIDAD CORPORATIVA
Nombre de entidad corporativa o nombre de jurisdicción como elemento de entrada Ateneo de Madrid-
Subdivisión de forma Conferencias-
Subdivisión cronológica 1940-1982.
9 (RLIN) 1908
610 27 - PUNTO DE ACCESO ADICIONAL DE MATERIA--NOMBRE DE ENTIDAD CORPORATIVA
Nombre de entidad corporativa o nombre de jurisdicción como elemento de entrada Iglesia Católica-
Subdivisión geográfica Francia
Fuente del encabezamiento o término
9 (RLIN) 159716
650 #7 - PUNTO DE ACCESO ADICIONAL DE MATERIA--TÉRMINO DE MATERIA
Término de materia o nombre geográfico como elemento de entrada Liberalismo (Religión)
Fuente del encabezamiento o término embne
9 (RLIN) 150500
830 10 - PUNTO DE ACCESO ADICIONAL DE SERIE-TÍTULO UNIFORME
Título uniforme Colección "O crece o muere"
Designación de volumen o secuencia 32
9 (RLIN) 183476
852 ## - LOCALIZACIÓN
Ubicación ES-MaACL
Número de control de estantería J-24 (32)
852 ## - LOCALIZACIÓN
Ubicación ES-MaACL
Número de control de estantería J-25 (32)
Holdings
Estatus retirado Estado de pérdida Estado de daño No para préstamo Colección Biblioteca de origen Biblioteca actual Ubicación en estantería Fecha de adquisición Total de préstamos Signatura topográfica completa Código de barras Visto por última vez Precio de reemplazo Tipo de ítem Koha
        Fondo Ateneo de Madrid Biblioteca del Ateneo de Madrid Biblioteca del Ateneo de Madrid Depósito 2 10/07/2008   J-24(32) 1177352 23/02/2023 23/02/2023 Libro impreso
        Fondo Ateneo de Madrid Biblioteca del Ateneo de Madrid Biblioteca del Ateneo de Madrid Depósito 2 10/07/2008   J-25(32) 1177353 23/02/2023 23/02/2023 Libro impreso